Normal view
MARC view
Entry Personal Name
001 - CONTROL NUMBER
- control field: 82448
003 - CONTROL NUMBER IDENTIFIER
- control field: dpl
005 - DATE AND TIME OF LATEST TRANSACTION
- control field: 20250627161111.0
008 - FIXED-LENGTH DATA ELEMENTS
- fixed length control field: 250627|| aca||aabn | a|a d
040 ## - CATALOGING SOURCE
- Original cataloging agency: dpl
- Transcribing agency: dpl
100 ## - HEADING--PERSONAL NAME
- Personal name: LeBlanc, Paul
670 ## - SOURCE DATA FOUND
- Source citation: Work cat.: (dpl)212001: LeBlanc, Paul , Marx, Lenin, and the Revolutionary Experience/, 2007
